000 00403nam a22001697a 4500
003 MPLRDC
005 20220104152547.0
008 210129b ||||| |||| 00| 0 eng d
082 _a738.01 CGQ
100 _a崔贵强编著
245 _a东南亚史
_c
250 _a初版
260 _a
_b联营出版有限公司
_c1965
300 _b
650 _a东南亚通史
942 _cBK
_o738.01 CGQ
999 _c52968
_d52958